|
|
|
|
| LEADER |
01770nam a2200325 a 4500 |
| 001 |
848440 |
| 008 |
110115r20061979nyuaf b 001 0 eng d |
| 010 |
|
|
|a 78023825
|
| 020 |
|
|
|a 0074632930
|
| 020 |
|
|
|a 0070463387
|
| 040 |
|
|
|a DLC
|c DLC
|d DLC
|d BD-DhAAL
|
| 082 |
0 |
0 |
|a 001.55
|
| 100 |
1 |
|
|a Newman, William M.,
|d 1939-
|
| 245 |
1 |
0 |
|a Principles of interactive computer graphics /
|c William M. Newman, Robert F. Sproull.
|
| 250 |
|
|
|a 2d ed.
|
| 260 |
|
|
|a New York ;
|a New Delhi :
|b Tata McGraw-Hill,
|c c1979 [reprinted 2006].
|
| 300 |
|
|
|a xvi, 541 p., [1] leaf of plates :
|b ill. ;
|c 24 cm.
|
| 490 |
0 |
|
|a McGraw-Hill computer science series
|
| 504 |
|
|
|a Includes Bibliography: (p. 503-532) and index.
|
| 541 |
1 |
|
|e 00015525
|
| 650 |
|
0 |
|a Computer graphics.
|
| 650 |
|
0 |
|a Interactive computer systems.
|
| 700 |
1 |
|
|a Sproull, Robert F.,
|e joint author.
|
| 852 |
|
|
|a Ayesha Abed library
|c General Shelf.
|
| 999 |
|
|
|c 10312
|d 10312
|
| 952 |
|
|
|0 0
|1 0
|2 ddc
|4 0
|6 001_550000000000000_NEW
|7 0
|9 13870
|a BRACUL
|b BRACUL
|c GEN
|d 2011-01-15
|l 5
|m 41
|o 001.55 NEW
|p 3010015525
|r 2023-05-02
|s 2023-01-28
|t 1
|w 2011-01-15
|y BK
|
| 952 |
|
|
|0 0
|1 0
|2 ddc
|4 0
|6 001_550000000000000_NEW
|7 0
|9 13889
|a BRACUL
|b BRACUL
|c GEN
|d 2011-01-15
|l 12
|m 39
|o 001.55 NEW
|p 3010007738
|r 2023-10-18
|s 2023-06-12
|t 2
|w 2011-01-15
|y BK
|
| 952 |
|
|
|0 0
|1 0
|2 ddc
|4 0
|6 001_550000000000000_NEW
|7 0
|9 13890
|a BRACUL
|b BRACUL
|c GEN
|d 2011-01-15
|l 2
|m 33
|o 001.55 NEW
|p 3010007783
|r 2023-10-05
|s 2023-06-05
|t 3
|w 2011-01-15
|y BK
|
| 952 |
|
|
|0 0
|1 0
|2 ddc
|4 0
|6 001_550000000000000_NEW
|7 0
|9 13891
|a BRACUL
|b BRACUL
|c GEN
|d 2011-01-15
|l 4
|m 38
|o 001.55 NEW
|p 3010015524
|r 2024-02-03
|s 2024-02-01
|t 4
|w 2011-01-15
|y BK
|
| 952 |
|
|
|0 0
|1 0
|2 ddc
|4 0
|6 001_550000000000000_NEW
|7 0
|9 13892
|a BRACUL
|b BRACUL
|c GEN
|d 2011-01-15
|l 6
|m 68
|o 001.55 NEW
|p 3010015523
|r 2025-07-13
|s 2025-06-25
|t 5
|w 2011-01-15
|y BK
|